[Event "GER-chT U18 Girls"]
[Site "Karlsruhe"]
[Date "2015.05.08"]
[Round "2.1"]
[White "Krein, Jana"]
[Black "Caliebe, Nanke"]
[Result "1-0"]
[WhiteElo "1576"]
[BlackElo "1360"]
[PlyCount "109"]
[EventDate "2015.05.07"]
[EventType "team-swiss"]
[EventRounds "7"]
[EventCountry "GER"]
[SourceTitle "EXT 2017"]
[Source "ChessBase"]
[SourceDate "2016.10.25"]
[SourceVersion "1"]
[SourceVersionDate "2016.10.25"]
[SourceQuality "1"]
[WhiteTeam "Trier (W)"]
[BlackTeam "Altenholz Gymn (W)"]
[WhiteTeamCountry "GER"]
[BlackTeamCountry "GER"]

1. e4 c5 2. Nf3 e6 3. d4 cxd4 4. Nxd4 Nc6 5. Be3 Nf6 6. Nd2 Bb4 7. c3 Ba5 8. Qc2 0-0 9. h4 Ng4 10. Nxc6 bxc6 11. Bf4 Qf6 12. Bg3 Bb6 13. Nc4 Bc5 14. f3 Ne3 15. Nxe3 Bxe3 16. Bd3 Bf4 17. Bf2 a5 18. g3 Bc7 19. f4 Ba6 20. c4 Qe7 21. 0-0-0 Rab8 22. e5 g6 23. h5 Bb6 24. Bxb6 Rxb6 25. hxg6 fxg6 26. Qh2 Kf7 27. Qxh7+ Ke8 28. Bxg6+ Kd8 29. Qxe7+ Kxe7 30. Rh7+ Kd8 31. Rdxd7+ Kc8 32. Bd3 Re8 33. Rhg7 Rb7 34. Rxb7 Bxb7 35. c5 Rd8 36. Kc2 Rd5 37. Rg8+ Kc7 38. Bc4 Rxc5 39. Kd3 Kb6 40. g4 Ba6 41. Bxa6 Kxa6 42. g5 Rd5+ 43. Ke3 c5 44. g6 Rd7 45. g7 Kb7 46. Rb8+ Kxb8 47. g8Q+ Kc7 48. Qxe6 Rd8 49. f5 Rh8 50. Qd6+ Kb7 51. e6 Rh3+ 52. Ke4 Rh4+ 53. Ke5 Rh1 54. Qd5+ Kb6 55. Qxh1 1-0

[Event "GER-ch U14 Girls"]
[Site "Oberhof"]
[Date "2011.06.17"]
[Round "8"]
[White "Krein, Jana"]
[Black "Lagunow, Elina"]
[Result "0-1"]
[WhiteElo "1213"]
[BlackElo "1738"]
[PlyCount "80"]
[EventDate "2011.06.11"]
[EventType "swiss"]
[EventRounds "9"]
[EventCountry "GER"]
[SourceTitle "CBM 142 Extra"]
[Source "ChessBase"]
[SourceDate "2011.06.27"]
[SourceVersion "1"]
[SourceVersionDate "2011.06.27"]
[SourceQuality "1"]

1. e4 c5 2. Nf3 Nc6 3. Bb5 g6 4. Bxc6 bxc6 5. Nc3 Bg7 6. 0-0 Nf6 7. d3 d5 8. e5 Nd7 9. d4 cxd4 10. Qxd4 0-0 11. Bf4 Nb6 12. Rfe1 Bf5 13. Rac1 Rc8 14. Na4 Nxa4 15. Qxa4 Qd7 16. Rcd1 Rfd8 17. c4 Qb7 18. cxd5 cxd5 19. Nd4 Rc4 20. Qa5 Rd7 21. b3 Rb4 22. a3 Rb6 23. a4 Rb4 24. Bg3 a6 25. Nxf5 gxf5 26. e6 fxe6 27. Rxe6 Rxb3 28. Qxa6 Qxa6 29. Rxa6 e5 30. Ra8+ Kf7 31. f3 d4 32. Kf1 Rb2 33. a5 Ra2 34. Be1 Bh6 35. Bf2 Bd2 36. a6 e4 37. a7 e3 38. Bg1 Raxa7 39. Rxa7 Rxa7 40. Ke2 Ra2 0-1

[Event "GER-ch U14 Girls"]
[Site "Oberhof"]
[Date "2011.06.14"]
[Round "5"]
[White "Krein, Jana"]
[Black "Lemke, Berfin"]
[Result "1-0"]
[WhiteElo "1213"]
[BlackElo "1592"]
[PlyCount "111"]
[EventDate "2011.06.11"]
[EventType "swiss"]
[EventRounds "9"]
[EventCountry "GER"]
[SourceTitle "CBM 142 Extra"]
[Source "ChessBase"]
[SourceDate "2011.06.27"]
[SourceVersion "1"]
[SourceVersionDate "2011.06.27"]
[SourceQuality "1"]

1. e4 c5 2. Nf3 d6 3. Bb5+ Bd7 4. Bxd7+ Nxd7 5. c4 Ngf6 6. d3 e6 7. 0-0 Be7 8. Nc3 0-0 9. Re1 Ng4 10. Bf4 Nge5 11. Nxe5 dxe5 12. Be3 f5 13. Bd2 Rf6 14. Bg5 Rg6 15. Bxe7 Qxe7 16. exf5 exf5 17. Qf3 Qg5 18. Qxb7 Rb8 19. Qd5+ Kh8 20. g3 Rd8 21. h4 Qxh4 22. Kg2 f4 23. Rh1 Qg4 24. Rh3 Rf8 25. f3 Qf5 26. Rah1 h6 27. Kf2 fxg3+ 28. Rxg3 Nf6 29. Qxc5 Rc8 30. Qxa7 Qxd3 31. Rxg6 Qxg6 32. Rg1 Qc2+ 33. Ne2 Rg8 34. b3 Nh5 35. Qe3 Nf4 36. Rh1 Rd8 37. Rxh6+ Kg8 38. Rh1 Rd2 39. Re1 Nd3+ 40. Kf1 Nxe1 41. Kxe1 Rd1+ 42. Kf2 Qxa2 43. Qxe5 Qa7+ 44. c5 Qf7 45. c6 Rd5 46. Qe4 Rd6 47. b4 Re6 48. Qc2 Qa7+ 49. Kg2 Qc7 50. b5 Re5 51. Qc4+ Kh8 52. Qh4+ Kg8 53. Qc4+ Kf8 54. b6 Rg5+ 55. Kf1 Qd8 56. c7 1-0

[Event "GER-ch U14 Girls"]
[Site "Oberhof"]
[Date "2011.06.13"]
[Round "3"]
[White "Krein, Jana"]
[Black "Schaefer, Annabelle"]
[Result "0-1"]
[WhiteElo "1213"]
[BlackElo "1545"]
[PlyCount "104"]
[EventDate "2011.06.11"]
[EventType "swiss"]
[EventRounds "9"]
[EventCountry "GER"]
[SourceTitle "CBM 142 Extra"]
[Source "ChessBase"]
[SourceDate "2011.06.27"]
[SourceVersion "1"]
[SourceVersionDate "2011.06.27"]
[SourceQuality "1"]

1. e4 e5 2. Nf3 Nc6 3. Bc4 Bc5 4. c3 Nf6 5. d3 d6 6. Be3 Bb6 7. 0-0 Bg4 8. Nbd2 Qd7 9. Qe2 0-0 10. Bxb6 axb6 11. a3 Nh5 12. Qe3 Kh8 13. Kh1 f5 14. exf5 Qxf5 15. Bd5 Nf4 16. Qe4 Qxe4 17. dxe4 Nxd5 18. exd5 Ne7 19. c4 Rf4 20. Rae1 Bxf3 21. gxf3 Ng6 22. Re4 Raf8 23. Rxf4 Rxf4 24. Rc1 Nh4 25. Rc3 Rd4 26. Nf1 Kg8 27. b4 Kf8 28. h3 g6 29. Kh2 h5 30. Kg3 Nf5+ 31. Kg2 Ke8 32. Ne3 Kd7 33. Nc2 Rd2 34. Ne1 Nh4+ 35. Kg3 Nf5+ 36. Kg2 g5 37. Nd3 Nh4+ 38. Kg3 Nf5+ 39. Kg2 Ne3+ 40. Kg3 Nxc4 41. Nc1 b5 42. a4 Rxd5 43. axb5 Nb6 44. Rb3 Rxb5 45. Nd3 Nd5 46. h4 gxh4+ 47. Kxh4 Nf4 48. Nc1 b6 49. Kg5 c5 50. Na2 cxb4 51. Rxb4 Rxb4 52. Nxb4 Ke6 0-1

[Event "GER-chT U18 Girls reserves"]
[Site "Germany"]
[Date "2011.05.14"]
[Round "4"]
[White "Meinschien, Silke"]
[Black "Krein, Jana"]
[Result "0-1"]
[WhiteElo "800"]
[BlackElo "1088"]
[PlyCount "76"]
[EventDate "2011.05.13"]
[EventType "team-swiss"]
[EventRounds "7"]
[EventCountry "GER"]
[SourceTitle "EXT 2012"]
[Source "ChessBase"]
[SourceDate "2011.11.24"]
[SourceVersion "1"]
[SourceVersionDate "2011.11.24"]
[SourceQuality "1"]
[WhiteTeam "Stade Athenaeum (W)"]
[BlackTeam "Trier (W)"]
[WhiteTeamCountry "GER"]
[BlackTeamCountry "GER"]

1. d4 d5 2. Nf3 Nc6 3. g3 Nf6 4. Bg2 Bf5 5. 0-0 e6 6. Bf4 Bd6 7. Be5 0-0 8. c3 Ng4 9. Bh3 Nxf2 10. Rxf2 Bxh3 11. Qe1 Nxe5 12. Nxe5 Rc8 13. Rf3 Qg5 14. g4 Bxe5 15. dxe5 Qxg4+ 16. Qg3 Qxg3+ 17. Rxg3 Bf5 18. Nd2 Rcd8 19. e3 c5 20. c4 f6 21. Nf3 dxc4 22. Rc1 b5 23. a3 a5 24. Ra1 Bc2 25. Kf2 fxe5 26. Ke2 Bd3+ 27. Ke1 e4 28. Nd2 Rf5 29. Rg2 Rdf8 30. Rg1 Rf2 31. Kd1 Rxh2 32. Ke1 Rff2 33. Rc1 Rxd2 34. b4 cxb4 35. axb4 axb4 36. Rg5 Rde2+ 37. Kd1 Rh1+ 38. Rg1 Rxg1# 0-1

[Event "GER-chT U18 Girls"]
[Site "Germany"]
[Date "2011.05.13"]
[Round "2.1"]
[White "Hillmer, Nicole"]
[Black "Krein, Jana"]
[Result "1-0"]
[WhiteElo "1204"]
[BlackElo "1088"]
[PlyCount "142"]
[EventDate "2011.05.13"]
[EventType "team-swiss"]
[EventRounds "7"]
[EventCountry "GER"]
[SourceTitle "EXT 2012"]
[Source "ChessBase"]
[SourceDate "2011.11.24"]
[SourceVersion "1"]
[SourceVersionDate "2011.11.24"]
[SourceQuality "1"]
[WhiteTeam "Neureut Gymn (W)"]
[BlackTeam "Trier (W)"]
[WhiteTeamCountry "GER"]
[BlackTeamCountry "GER"]

1. e4 e5 2. Nf3 Nc6 3. Bc4 Nf6 4. d3 Bc5 5. Be3 Bb6 6. Nc3 d6 7. h3 0-0 8. 0-0 Be6 9. Bb3 Qe7 10. d4 exd4 11. Bxd4 Bxb3 12. axb3 Nxd4 13. Nxd4 Rfe8 14. Re1 Qe5 15. Nf3 Qc5 16. Qd2 Qc6 17. e5 Nd7 18. exd6 Rxe1+ 19. Rxe1 Qxd6 20. Qxd6 cxd6 21. Nd5 Bd8 22. Re8+ Nf8 23. Ne7+ Bxe7 24. Rxa8 Bf6 25. c3 g6 26. Rxa7 b6 27. Rb7 Bd8 28. Ng5 Bxg5 29. Rxb6 Be7 30. b4 Kg7 31. b3 Kf6 32. Kf1 Ke6 33. Ke2 Nd7 34. Rb7 Bf6 35. Kd3 h5 36. f4 d5 37. g4 hxg4 38. hxg4 Kd6 39. Ra7 Bd8 40. g5 Bc7 41. c4 dxc4+ 42. bxc4 Kc6 43. Ke4 f5+ 44. Kf3 Nb6 45. Ra5 Kb7 46. Rb5 Ka6 47. Rc5 Kb7 48. b5 Nc8 49. Rc6 Nd6 50. c5 Nxb5 51. Rxg6 Nd4+ 52. Ke3 Nb3 53. c6+ Kb6 54. Rf6 Nc5 55. Rxf5 Kxc6 56. Rf6+ Bd6 57. Kf3 Nd7 58. Rh6 Kc7 59. Kg4 Bf8 60. Rh7 Kd8 61. Kf5 Ke8 62. g6 Kd8 63. g7 Bxg7 64. Rxg7 Nf8 65. Rg8 Ke7 66. Rg7+ Ke8 67. Kf6 Nd7+ 68. Rxd7 Kxd7 69. Kf7 Kd6 70. f5 Kd7 71. f6 Kd8 1-0